00583nam a2200169Ia 4500008004100000020001500041041001200056082001600068100001600084245005900100260003600159300000800195650002100203942000700224999001500231952016700246221030s9999 xx 000 0 und d a8173173419 aEnglish a105.23bSin aV. P. Singh 0aMicrosoft Access 2000 ( DEPARTMENTAL )cby V. P. Singh bAsia Pub HouseaNew Delhic2000 a264 aCSE Departmental cBK c7296d7296 pBE 3596g112.00l0o105.23 Sinr2024-06-13 00:00:00w2022-10-30yBK003Print4070aMIETLIBbMIETLIBcBL-Departmental, FL-1, CUP-49, SH-3, R-3d2001-04-0510HBE